000 00855nam a2200229Ia 4500
005 20260430150810.0
008 008 250103s9999 xx 000 0 hin d
037 _aTheses
040 _aCRL
040 _bhin
040 _chin
041 _2hin
041 _ahin
084 _qCRL
100 _aमहतोलिया, अलंकार, ले.
_9870288
245 0 _aहिन्दुस्तानी रागों में अन्तः सम्बन्ध के विविध आधार (एक विश्लेषणात्मक अघ्ययन)
260 _c2024
300 _a218पृ.
700 _aदिल्ली विश्वविद्यालय. संगीत एवं ललित कला संकाय. संगीत विभाग
942 _cTH
999 _c1850825
_d1850825